Normal view
MARC view
- Plant Biotechnology.
Entry Uniform Title
001 - CONTROL NUMBER
- control field: 13985
003 - CONTROL NUMBER IDENTIFIER
- control field: NUST
005 - DATE AND TIME OF LATEST TRANSACTION
- control field: 20190326071906.0
008 - FIXED-LENGTH DATA ELEMENTS
- fixed length control field: 190326|| aca||aabn | a|a d
040 ## - CATALOGING SOURCE
- Original cataloging agency: NUST
- Transcribing agency: NUST
130 ## - HEADING--UNIFORM TITLE
- Uniform title: Plant Biotechnology.
- Title of a work: Mitogen activated protein kinase superfamily in solanaceae
670 ## - SOURCE DATA FOUND
- Source citation: Work cat.: (NUST): Hira Iftikhar-sup-Dr. Nasar-um-Minullah 13984, Th-PhD-Functional analysis of mitogen activated protein kinase superfamily in solanaceae , 2018.
